La historia de jonás / (Registro nro. 36781)
[ vista simple ]
| 000 -CABECERA | |
|---|---|
| Longitud fija campo de control | 00727nam a22002297a 4500 |
| 003 - • IDENTIFICADOR DELl NÚMERO DE CONTROL | |
| Identificador del número de control | CO-ViMGA |
| 008 - • CÓDIGOS DE INFORMACIÓN DE LONGITUD FIJA | |
| Códigos de información de longitud fija | 170811b xxu||||| |||| 00| 0 eng d |
| 020 ## - • NÚMERO INTERNACIONAL NORMALIZADO PARA LIBROS | |
| Número Internacional Normalizado para Libros (ISBN) | 8423670244 |
| 040 ## - FUENTE DE LA CATALOGACIÓN | |
| Centro catalogador de origen | CO-ViMGA |
| Lengua de catalogación | spa |
| Centro transcriptor | CO-ViMGA |
| 100 1# - • PUNTO DE ACCESO PRINCIPAL-NOMBRE DE PERSONA | |
| Nombre de persona | SARA, SANCHEZ |
| 245 10 - • TITULO PROPIAMENTE DICHO | |
| Título | La historia de jonás / |
| Resto del título | Sara Sanchez ; Ilustracion Gustavo Mazali |
| 300 ## - • DESCRIPCIÓN FÍSICA | |
| Extensión | 28 pg, |
| Otras características físicas | ll. ; 22 x 24,5 cm. |
| 490 ## - • MENCIÓN DE SERIE | |
| Mención de serie | Qué nos cuenta la biblia de.... |
| 534 ## - • Nota De Versión Original | |
| -- | Titulo original es español ; |
| Título | La historia de jonás |
| 650 14 - • PUNTO DE ACCESO ADICIONAL DE MATERIA - TÉRMINO DE MATERIA | |
| Término de materia o nombre geográfico como elemento inicial | Historia de la biblia |
| 700 1# - • PUNTO DE ACCESO ADICIONAL - NOMBRE DE PERSONA | |
| Nombre de persona | Gustavo Mazali |
| Término indicativo de función | tx. |
| 700 1# - • PUNTO DE ACCESO ADICIONAL - NOMBRE DE PERSONA | |
| Nombre de persona | Sara Sanchez |
| Término indicativo de función | il. |
| 942 ## - ENTRADA DE ELEMENTOS AGREGADOS (KOHA) | |
| Fuente de clasificaión o esquema | Dewey Decimal Classification |
| Koha [por defecto] tipo de item | LIbro |
| 945 ## - TRATAMIENTO DE LA INFORMACIÓN LOCAL (OCLC) | |
| a | SARhj |
| Perdido | Fuente de clasificación o esquema | Estado Físico | No para préstamo | Forma de adquisición | Localización permanente | Localización actual | Fecha adquisición | Préstamos totales | Signatura completa | Código de barras | Fecha última consulta | Fecha último préstamo | Fecha del precio de reemplazo | Tipo de item de Koha |
|---|---|---|---|---|---|---|---|---|---|---|---|---|---|---|
| Dewey Decimal Classification | Damaged | Sala Infantil Segundo Piso | Biblioteca Pública Germán Arciniegas - Villavicencio | Biblioteca Pública Germán Arciniegas - Villavicencio | 08/11/2017 | 1 | SARhj | 554800 | 06/17/2021 | 06/04/2021 | 08/11/2017 | LIbro |